00253nam a22000977a 4500008004100000082001700041100002100058245004900079260001800128300000900146230607b xxu||||| |||| 00| 0 eng d a828.912bSAR cJean-Paul Sartre aThree PlaysbPenguin PlayscThe trojan women bPenguin Books a347p